000 00961nam a2200181Ia 4500
008 220216s9999 xx 000 0 und d
100 _aPlummer C J G
245 0 _aOn the influence of particle morphology on microdeformation in rubber modified poly (methyl methacrylate)
260 _bPolymer
_c1996
300 _a10-Jul
520 _aMicrodeformation in thin filims of rubber modified poly(methyl methacrylate) has been investigated using TEM. The effects of two-layer core-shell particles with rubbery cores, and three-layer particles with galssy cores are compared. While the former undergo relatively coarse cavitation and may act to block fibril drawing in matrix crazes, the rubber shell of the three-layer particles tends to fibrillate, and they are readily incorporated in the crazes.
650 _aCrazing
650 _aPoly(methyl methacrylate)
650 _aRubber toughening
700 _aBeguelin Ph
700 _aKausch H H
942 _cJS
999 _c64368
_d64368